000 00716nam a2200241Ia 4500
001 1386
003 GE_BSU
008 181216s||||||||xx |||||||||||||| ||und||
020 _a5797502461
040 _cGE_BSU
080 _a338.47(075.8):339.5(075.8)
245 _aЭкономика и организация внешнеторговых перевозок.
245 _bуч-к
245 _cПод ред.К.В. Холопова
260 _aМосква
260 _bЮристь
260 _c2000
300 _a682стр.
541 _h20л.
653 _aЭкономика
653 _aЭкономика и организация внешнеторговых перевозок
942 _cBK
999 _c35525
_d35525